000 00247nam a2200097Ia 4500
001 709446
005 20250826162547.0
008 250824s9999 xx 000 0 und d
245 0 _aFADİŞ BEDİŞ EDİŞ II
_cCAHİT UÇUK
260 _bBİLGE YAYINLARI
999 _c709446
_d709446